Normal view
MARC view
- Durst, Franz.
Entry Personal Name
001 - CONTROL NUMBER
- control field: 8469
003 - CONTROL NUMBER IDENTIFIER
- control field: NUST
005 - DATE AND TIME OF LATEST TRANSACTION
- control field: 20180117102922.0
008 - FIXED-LENGTH DATA ELEMENTS
- fixed length control field: 180117|| aca||aabn | a|a d
040 ## - CATALOGING SOURCE
- Original cataloging agency: NUST
- Transcribing agency: NUST
100 ## - HEADING--PERSONAL NAME
- Personal name: Durst, Franz.
670 ## - SOURCE DATA FOUND
- Source citation: Work cat.: (NUST)52: Durst, Franz., Fluid mechanics:, c2008.
